Species-rich meadows of the Starohorské vrchy Mts and south-eastern part of the Veľká Fatra Mts - a relict of the extensive and semi-intensive agriculture of the Central Western Carpathians

Bibliographic Details
Main Author: Ružičková, Helena, 1937- (Author)
Format: Article
Language:Slovak
English
PhysicalDescription:Obr., tab.
ISSN:0006-3088
Subjects:

MARC

LEADER 00000nab a2200000 a 4500
001 vtls000820638
003 SK-MaSNL
005 20260305044023.0
008 250429c2002 xo 0 slo
015 |a SNBRB2003/01-00916 
035 |a CLN000172293 
035 |a urn:nbn:sk:snk-abbw1k 
035 |a (urnnbn)urn:nbn:sk:snk:ar-0015dp 
035 |a (uuid)0ea23992-931b-4b6b-8f4d-f8644051ce89 
040 |a SNKBUCL  |b slo  |c SNKBUCL  |e AACR2 
041 0 |a eng 
044 |a xo  |c SK 
080 |a 581.5(437.6)  |2 1997 
100 1 |a Ružičková, Helena,  |d 1937-  |4 aut  |9 15711 
245 1 0 |a Species-rich meadows of the Starohorské vrchy Mts and south-eastern part of the Veľká Fatra Mts - a relict of the extensive and semi-intensive agriculture of the Central Western Carpathians  |c Helena Ružičková 
300 |b Obr., tab. 
504 |a Res. angl. 
504 |a Bibliogr. odkazy 
650 0 7 |a trávy  |x anatómia a histológia  |x rast a vývoj  |2 snkbucl  |9 1627026 
650 0 7 |a analýza pôdy  |2 snkbucl  |9 69801 
650 0 7 |a minerály  |x analýza  |2 snkbucl  |9 1467207 
650 0 7 |a špecifickosť druhová  |2 snkbucl  |9 855823 
655 7 |a články z novín a časopisov  |2 snkbucl  |9 267496 
773 0 |t Biologia  |g Roč. 57, č. 4 (2002), s. 493-504  |x 0006-3088 
850 |a Slovenská národná knižnica 
852 |a Slovenská národná knižnica 
954 |a odborná, vedecká literatúra pôvodná (slovenská)  |2 lita 
958 |a article15 
958 |a NB 
958 |a OND 
958 |a EUIPO 
992 |a RBX 
999 |c 3356166  |d 3358096